| 000 | 00626nam a2200193 i 4500 | ||
|---|---|---|---|
| 001 | 43256 | ||
| 003 | ES-MaACL | ||
| 005 | 20250805062603.0 | ||
| 007 | t| | ||
| 008 | 030317s1968 sp ||||1| spa d | ||
| 100 | 1 |
_aCatalá Ruiz, Marcelo. _937015 |
|
| 245 | 1 | 0 |
_aCurso breve de sociología : _badaptado al programa de la asignatura en la Escuela Social de Madrid / _cMarcelo Catalá Ruiz. |
| 260 |
_aMadrid : _b[s.n.], _c1968 ( _fGráf. Diana) |
||
| 300 |
_a298 p. ; _c24 cm. |
||
| 650 | 7 |
_aSociología _2embne _917195 |
|
| 710 | 2 |
_aEscuela Social de Madrid. _93593 |
|
| 852 |
_aES-MaACL _jG-5515 |
||
| 999 |
_c43256 _d43256 |
||